|
|
|
|
| LEADER |
00000nam0a2200000 4500 |
| 001 |
237606 |
| 005 |
20231101231542.0 |
| 035 |
|
|
|a (RuTPU)RU\TPU\book\258781
|
| 090 |
|
|
|a 237606
|
| 100 |
|
|
|a 20130516d1967 m y0rusy50 ca
|
| 101 |
0 |
|
|a rus
|
| 102 |
|
|
|a RU
|
| 105 |
|
|
|a a j 001zy
|
| 200 |
1 |
|
|a Курс практической астрофизики
|e учебник
|f Д. Я. Мартынов
|
| 205 |
|
|
|a 2-е изд., доп.
|
| 210 |
|
|
|a Москва
|c Наука
|d 1967
|
| 215 |
|
|
|a 544 с.
|c ил.
|
| 320 |
|
|
|a Библиография в конце глав.
|
| 320 |
|
|
|a Алфавитный указатель: с. 536-543.
|
| 606 |
1 |
|
|a Астрофизика
|2 stltpush
|3 (RuTPU)RU\TPU\subj\29580
|9 52873
|
| 610 |
1 |
|
|a астрофизические инструменты
|
| 610 |
1 |
|
|a телескопы
|
| 610 |
1 |
|
|a оптика
|
| 610 |
1 |
|
|a аберрации
|
| 610 |
1 |
|
|a светофильтры
|
| 610 |
1 |
|
|a спектральные аппараты
|
| 610 |
1 |
|
|a радиотелескопы
|
| 610 |
1 |
|
|a приемники излучения
|
| 610 |
1 |
|
|a глаз
|
| 610 |
1 |
|
|a сенситометрия
|
| 610 |
1 |
|
|a тепловые приемники
|
| 610 |
1 |
|
|a астрофизические исследования
|
| 610 |
1 |
|
|a методы
|
| 610 |
1 |
|
|a астрофотометрия
|
| 610 |
1 |
|
|a колориметрия
|
| 610 |
1 |
|
|a спектрофотометрия
|
| 610 |
1 |
|
|a звезды
|
| 610 |
1 |
|
|a размеры
|
| 610 |
1 |
|
|a учебники
|
| 675 |
|
|
|a 52:53(075.8)
|v 3
|
| 700 |
|
1 |
|a Мартынов
|b Д. Я.
|g Дмитрий Яковлевич
|
| 801 |
|
1 |
|a RU
|b 63413507
|c 20130516
|
| 801 |
|
2 |
|a RU
|b 63413507
|c 20180703
|g RCR
|
| 942 |
|
|
|c BK
|